| 000 | 00641nam a2200241#a 4500 | ||
|---|---|---|---|
| 001 | 02237 | ||
| 003 | HDC | ||
| 007 | ta | ||
| 008 | 230623s2010 xx 000 0 eng d | ||
| 040 | _aHDC | ||
| 050 |
_aHC59 _b.8 .M35 2010 |
||
| 245 | 0 |
_aMalaysia economic monitor : _binclusive growth. |
|
| 264 |
_aThailand : _bWorld Bank, _c2010. |
||
| 300 |
_a115p. : _b ill. ; _c 28cm. |
||
| 504 | _aIncludes bibliographical references (p.109-115). | ||
| 650 |
_aEconomic assistance _zMalaysia. |
||
| 650 |
_aMalaysia _xEconomic conditions. |
||
| 710 | _aWorld Bank. | ||
| 942 | _2lcc | ||
| 942 | _cBK | ||
| 942 | _kHC59 | ||
| 942 | _m.8 .M35 2010 | ||
| 999 |
_c23796 _d23796 |
||